NBA Jersey Numbers (Hall Of Famers) Part 1 - Statistics

General Stats
  • This quiz has been taken 23 times
  • The average score is 6 of 10
Answer Stats
Question Answer % Correct
Larry Bird 33
90%
Scottie Pippen 33
81%
Jerry West 44
81%
Dirk Nowitzki 41
76%
Phil Jackson 18
52%
Ray Allen (Sonics) 34
52%
Jack Sikma (Supersonics) 43
43%
Allen Iverson (Pistons) 1
38%
Chauncey Billups (Knicks) 4
29%
Dwight Howard (Hawks) 8
24%
No matching quizzes found
Score Distribution
Percent of People with Each Score
Percentile by Number Answered
Your Score History
You have not taken this quiz